000 00470pab a2200157 454500
008 180718b2000 xxu||||| |||| 00| 0 eng d
100 _aBhalla, Surjit S.
245 _aBis-mil-muglis: in the name of the poor; attempts at providing more freedom, political and economic, have worked in delivery the guide
260 _c2000
300 _ap.15
362 _a16 Sept
650 _aPoverty - India
650 _aPoverty
773 _aBusiness Standard
909 _a47167
999 _c47167
_d47167